| 000 | 00581nam a2200181 i 4500 | ||
|---|---|---|---|
| 001 | 87883 | ||
| 003 | ES-MaACL | ||
| 005 | 20230906175746.0 | ||
| 007 | t| | ||
| 008 | 041227s1948 sp ||||1| spa d | ||
| 100 | 1 |
_aLacombe, Pierre. _969385 |
|
| 245 | 1 | 3 |
_aLa historia considerada como ciencia / _cPierre Lacombe ; traducido del francés por Juan Luis de Angelis. |
| 260 |
_aMadrid : _bEspasa-Calpe, _c[1948] ( _fBalmes) |
||
| 300 |
_a345 p. ; _c22 cm. |
||
| 700 | 1 |
_aAngelis, Juan Luis de. _921718 |
|
| 700 | 1 |
_aMatas Ros, Claudio. _978927 |
|
| 852 |
_aES-MaACL _jD-7406 _bR.30124 |
||
| 999 |
_c87883 _d87883 |
||